[Event "Irish Championship 2015"]
[Site "Dublin IRL"]
[Date "2015.07.07"]
[Round "4.7"]
[White "Harding, Tim"]
[Black "Crichton, Martin"]
[Result "1-0"]
[WhiteElo "2085"]
[BlackElo "1973"]
[WhiteICU "1949"]
[WhiteClub "T.C.D."]
[BlackClub "Transport for London ENG"]
[WhiteNationality "IRL"]
[BlackNationality "IRL"]
[WhiteFideId "2500256"]
[BlackFideId "2500973"]
[PlyCount "52"]
[EventDate "2015.07.04"]

{ Source: <a
href="https://www.chess-results.com/tnr179720.aspx">Chess-Results.com</a>.
} { Event information: <a
href="https://www.irlchess.com/irlch2015_allfiles/pairings_irlch2015.html">Tournament
report</a>. }

1. d4 d5 2. Nf3 Nf6 3. c4 c6 4. Nc3 e6 5. e3 a6 6. Qc2 Be7 7. b3 Nbd7 8.
Bd3 Qc7 9. Bb2 b6 10. Ne5 Bb7 11. Rc1 c5 12. f4 dxc4 13. bxc4 Nxe5 14. dxe5
Ng4 15. Nd1 Rd8 16. O-O f5 17. exf6 Bxf6 18. Bxf6 gxf6 19. Be2 Rg8 20. Bf3
Rxd1 21. Rcxd1 Nxe3 22. Qe2 Bxf3 23. Qxf3 Nxg2 24. Kh1 Nh4 25. Qe4 Kf7 26.
Rfe1 Ke8 1-0

[Event "Irish Championship 2015"]
[Site "Dublin IRL"]
[Date "2015.07.07"]
[Round "4.8"]
[White "MacElligott, Gerard"]
[Black "O'Rourke, Ray"]
[Result "1-0"]
[WhiteTitle "CM"]
[WhiteElo "2062"]
[BlackElo "1984"]
[WhiteICU "1941"]
[BlackICU "1847"]
[WhiteClub "Elm Mount"]
[BlackClub "Bray/Greystones"]
[WhiteNationality "IRL"]
[BlackNationality "IRL"]
[WhiteFideId "2500647"]
[BlackFideId "2501023"]
[PlyCount "119"]
[EventDate "2015.07.04"]

{ Source: <a
href="https://www.chess-results.com/tnr179720.aspx">Chess-Results.com</a>.
} { Event information: <a
href="https://www.irlchess.com/irlch2015_allfiles/pairings_irlch2015.html">Tournament
report</a>. }

1. Nf3 Nf6 2. g3 c5 3. Bg2 Nc6 4. d4 cxd4 5. Nxd4 e5 6. Nxc6 bxc6 7. O-O h6
8. c4 Be7 9. Nc3 O-O 10. Qd2 Ba6 11. b3 Rc8 12. Bb2 Bb4 13. a3 Be7 14. Na4
Qc7 15. Rac1 d6 16. Rfd1 Qb8 17. b4 Rfd8 18. Qe3 Bb7 19. c5 Nd5 20. Qb3 Ba6
21. e3 dxc5 22. Nxc5 Be2 23. Rd2 Bg4 24. h3 Bxc5 25. Rxc5 Be6 26. Qd1 f6
27. Qe2 Rc7 28. Rdc2 Qc8 29. Kh2 a6 30. Ra5 Nb6 31. Qxa6 Qb8 32. Rac5 Bc4
33. R5xc4 Ra7 34. Qxa7 Qxa7 35. Rxc6 Rd7 36. R2c5 Rb7 37. Be4 Qa4 38. Bc2
Qa6 39. Bb3+ Kh7 40. Bc2+ Kg8 41. Bg6 Kf8 42. Kg2 Qe2 43. Re6 Rb8 44. Bc1
Qa2 45. Rd6 Qe2 46. Rcc6 e4 47. Bxe4 Qb5 48. Bb2 Qe2 49. Bd4 Nc4 50. Bc5
Kg8 51. Bd5+ Kh7 52. Bxc4 Qxc4 53. Ba7 Qe4+ 54. f3 Qe8 55. Bxb8 Qxe3 56.
Rc2 Qxa3 57. Rd4 Qb3 58. Rdc4 h5 59. h4 Qa4 60. Bf4 1-0

[Event "Irish Championship 2015"]
[Site "Dublin IRL"]
[Date "2015.07.07"]
[Round "4.9"]
[White "Palmer, Bernard"]
[Black "O'Gorman, Tom"]
[Result "1-0"]
[WhiteElo "2022"]
[BlackElo "1859"]
[WhiteICU "1928"]
[BlackICU "1861"]
[WhiteClub "Dun Laoghaire"]
[BlackClub "Dun Laoghaire"]
[WhiteNationality "IRL"]
[BlackNationality "IRL"]
[WhiteFideId "2500701"]
[BlackFideId "2508249"]
[PlyCount "129"]
[EventDate "2015.07.04"]

{ Source: <a
href="https://www.chess-results.com/tnr179720.aspx">Chess-Results.com</a>.
} { Event information: <a
href="https://www.irlchess.com/irlch2015_allfiles/pairings_irlch2015.html">Tournament
report</a>. }

1. c4 e5 2. Nc3 Nf6 3. g3 c6 4. d4 e4 5. d5 Bc5 6. Nh3 d6 7. Bg2 Bf5 8. O-O
h6 9. Kh1 Qd7 10. Ng1 O-O 11. Be3 Bxe3 12. fxe3 Re8 13. Qd2 h5 14. Rad1 c5
15. h4 g6 16. Rf4 Kg7 17. Rdf1 Re5 18. b3 Na6 19. Nb5 Rae8 20. Nxa7 Nc7 21.
a4 Rg8 22. Nb5 Nxb5 23. axb5 Kh7 24. Ra1 g5 25. hxg5 Rxg5 26. Kh2 Ng4+ 27.
Kh1 h4 28. gxh4 Rh5 29. Nh3 Rxh4 30. Kg1 Qe7 31. Qe1 Rh6 32. Qg3 Rg6 33.
Raf1 Nh6 34. Qh4 Qxh4 35. Rxh4 Bxh3 36. Rxh3 Reg5 37. Rf2 Kg7 38. Kh1 Ng4
39. Rf1 Nxe3 40. Rxe3 Rxg2 41. Rxe4 R2g3 42. Rh4 Rxb3 43. Rg1 Re3 44. Rxg6+
Kxg6 45. Rh8 Rxe2 46. Rd8 f5 47. Rxd6+ Kg5 48. Rd7 Kf4 49. Rxb7 Kf3 50. Rf7
f4 51. d6 Re1+ 52. Kh2 Rd1 53. d7 Rd6 54. Rh7 Rd2+ 55. Kh3 Rd1 56. Kh4 Ke4
57. b6 Kf5 58. Rh5+ Ke4 59. b7 Rh1+ 60. Kg5 Rg1+ 61. Kf6 Rg8 62. Re5+ Kf3
63. Re8 Kf2 64. Rxg8 f3 65. b8=Q 1-0

[Event "Irish Championship 2015"]
[Site "Dublin IRL"]
[Date "2015.07.08"]
[Round "5.1"]
[White "Fitzsimons, David"]
[Black "Brady, Stephen"]
[Result "1-0"]
[WhiteTitle "FM"]
[BlackTitle "FM"]
[WhiteElo "2416"]
[BlackElo "2349"]
[WhiteICU "2337"]
[BlackICU "2310"]
[WhiteClub "Elm Mount"]
[BlackClub "St. Benildus"]
[WhiteNationality "IRL"]
[BlackNationality "IRL"]
[WhiteFideId "2501961"]
[BlackFideId "2500124"]
[PlyCount "47"]
[EventDate "2015.07.04"]

{ Source: <a
href="https://www.chess-results.com/tnr179720.aspx">Chess-Results.com</a>.
} { Event information: <a
href="https://www.irlchess.com/irlch2015_allfiles/pairings_irlch2015.html">Tournament
report</a>. } { Annotator: Alexander Baburin, <em>Sunday Independent</em>,
July 19, 2015 p. 31. } { Reference: <em>Irish Examiner</em>, July 25, 2015
p. W55 (Jim Olney) (puzzle, from 22B: "White to play and win"). }

1. e4 e5 2. Nf3 Nc6 3. Bc4 Nf6 4. d3 Bc5 5. O-O O-O 6. h3 d6 7. c3 Be6 8.
Nbd2 a6 9. Re1 Ba7 10. Bb3 Bxb3 11. Qxb3 Qd7 12. Nf1 Nh5 13. Be3 Bxe3 14.
Nxe3 Rfe8 15. Nd5 Rab8 16. d4 exd4 17. cxd4 Ne7 18. Ne3 Nf4 19. g3 { A
puzzle: can Black take the pawn on h3? } 19... Nxh3+ $2 20. Kg2 h6 21. Rh1
Ng5 22. Nxg5 hxg5 23. Rh8+ $1 Kxh8 24. Qxf7 1-0

[Event "Irish Championship 2015"]
[Site "Dublin IRL"]
[Date "2015.07.08"]
[Round "5.2"]
[White "Jessel, Stephen"]
[Black "Short, Philip"]
[Result "1/2-1/2"]
[WhiteTitle "FM"]
[BlackTitle "FM"]
[WhiteElo "2352"]
[BlackElo "2294"]
[WhiteICU "2274"]
[BlackICU "2233"]
[WhiteClub "V&eacute;sinet FRA"]
[WhiteNationality "IRL"]
[BlackNationality "IRL"]
[WhiteFideId "628859"]
[BlackFideId "2500086"]
[PlyCount "81"]
[EventDate "2015.07.04"]

{ Source: <a
href="https://www.chess-results.com/tnr179720.aspx">Chess-Results.com</a>.
} { Event information: <a
href="https://www.irlchess.com/irlch2015_allfiles/pairings_irlch2015.html">Tournament
report</a>. }

1. Nf3 Nf6 2. c4 e6 3. g3 b6 4. Bg2 Bb7 5. O-O c5 6. b3 Be7 7. Bb2 O-O 8.
Nc3 d5 9. e3 dxc4 10. bxc4 Nc6 11. Qe2 Rc8 12. Rad1 Qc7 13. Ne1 a6 14. f4
b5 15. f5 bxc4 16. Ne4 e5 17. Qxc4 Na5 18. Nxf6+ Bxf6 19. Qa4 Bxg2 20. Nxg2
Nb7 21. Bc3 Nd6 22. Rb1 Qc6 23. Qxc6 Rxc6 24. g4 Ne4 25. Rfd1 h6 26. Kf1
Rd8 27. Ke2 c4 28. Ne1 Rc5 29. Bb4 Rb5 30. a4 Rb7 31. Ba5 Rxb1 32. Rxb1 Rd5
33. Rb8+ Kh7 34. Bb4 a5 35. Bc3 Nxc3+ 36. dxc3 e4 37. Rc8 Bxc3 38. Rxc4
Rd2+ 39. Kf1 Bb4 40. Nc2 Rd1+ 41. Ke2 1/2-1/2

[Event "Irish Championship 2015"]
[Site "Dublin IRL"]
[Date "2015.07.08"]
[Round "5.3"]
[White "Boland, Dylan"]
[Black "Daly, Colm"]
[Result "0-1"]
[BlackTitle "FM"]
[WhiteElo "1682"]
[BlackElo "2319"]
[WhiteICU "1667"]
[BlackICU "2250"]
[WhiteClub "St. Benildus"]
[BlackClub "Bray/Greystones"]
[WhiteNationality "IRL"]
[BlackNationality "IRL"]
[WhiteFideId "2507560"]
[BlackFideId "2500434"]
[PlyCount "80"]
[EventDate "2015.07.04"]

{ Source: <a
href="https://www.chess-results.com/tnr179720.aspx">Chess-Results.com</a>.
} { Event information: <a
href="https://www.irlchess.com/irlch2015_allfiles/pairings_irlch2015.html">Tournament
report</a>. }

1. Nf3 g6 2. d4 Bg7 3. c4 d6 4. g3 Nf6 5. Bg2 O-O 6. O-O c6 7. Nc3 Bf5 8.
Re1 Ne4 9. Qb3 Nxc3 10. Qxc3 Be4 11. Qe3 d5 12. Bd2 a5 13. Rac1 e6 14. Qb3
Ra7 15. cxd5 cxd5 16. Qc3 Nc6 17. Ne5 Bxe5 18. dxe5 Bxg2 19. Kxg2 Qe7 20.
Be3 d4 21. Bxd4 Nxd4 22. Qxd4 Raa8 23. Qd6 Qe8 24. Qc7 Qb5 25. b3 Rfd8 26.
Qc5 Qa6 27. Qc4 Rd2 28. Qxa6 Rxa6 29. Rc7 Rb6 30. Rc5 Rxa2 31. Rb1 a4 32.
Ra5 Rb4 33. h4 Kg7 34. e3 b5 35. Kf3 Rd2 36. Kg2 axb3 37. Ra3 b2 38. Ra2
Rb3 39. Ra7 Rc3 40. Ra2 Rcc2 0-1

[Event "Irish Championship 2015"]
[Site "Dublin IRL"]
[Date "2015.07.08"]
[Round "5.4"]
[White "Harding, Tim"]
[Black "O'Donnell, Conor"]
[Result "1/2-1/2"]
[BlackTitle "FM"]
[WhiteElo "2085"]
[BlackElo "2263"]
[WhiteICU "1949"]
[BlackICU "2202"]
[WhiteClub "T.C.D."]
[BlackClub "Gonzaga"]
[WhiteNationality "IRL"]
[BlackNationality "IRL"]
[WhiteFideId "2500256"]
[BlackFideId "2504243"]
[PlyCount "187"]
[EventDate "2015.07.04"]

{ Source: <a
href="https://www.chess-results.com/tnr179720.aspx">Chess-Results.com</a>.
} { Event information: <a
href="https://www.irlchess.com/irlch2015_allfiles/pairings_irlch2015.html">Tournament
report</a>. }

1. d4 Nf6 2. c4 e6 3. g3 Bb4+ 4. Bd2 Qe7 5. Bg2 Nc6 6. a3 Bxd2+ 7. Qxd2 d6
8. e3 e5 9. Ne2 O-O 10. O-O Re8 11. b4 Bg4 12. Nbc3 Nd8 13. dxe5 dxe5 14.
Nd5 Nxd5 15. cxd5 e4 16. Rac1 Bxe2 17. Qxe2 Qe5 18. Rc4 f5 19. Rfc1 Re7 20.
Rc5 Qd6 21. Qc4 Rc8 22. Qd4 Nf7 23. f3 exf3 24. Bxf3 Rce8 25. R5c3 a6 26.
Qf4 Ne5 27. Bg2 g6 28. h3 Rd8 29. Kh2 Red7 30. e4 fxe4 31. Qxe4 h5 32. Qc2
Rf7 33. Re3 h4 34. Rce1 Nf3+ 35. Bxf3 Qxg3+ 36. Kh1 Rxf3 37. Rxf3 Qxf3+ 38.
Qg2 Qxd5 39. Re8+ Kf7 40. Qxd5+ Rxd5 41. Rh8 g5 42. Rh7+ Ke6 43. Rxc7 Rd3
44. Kg2 Rg3+ 45. Kh2 Rxa3 46. Rxb7 Ra2+ 47. Kg1 Ke5 48. b5 a5 49. b6 Kf4
50. Rc7 Ra3 51. Kg2 Rg3+ 52. Kh2 Rb3 53. b7 Rb2+ 54. Kg1 Rb5 55. Rc4+ Kg3
56. Rc3+ Kf4 57. Rc4+ Kf3 58. Rc3+ Ke4 59. Ra3 Rxb7 60. Rxa5 Rb1+ 61. Kg2
Rb2+ 62. Kg1 Kf4 63. Ra4+ Kf3 64. Ra3+ Kf4 65. Ra4+ Kf5 66. Ra5+ Kg6 67.
Ra6+ Kh5 68. Ra4 Rb3 69. Kg2 Rg3+ 70. Kh2 Rc3 71. Kg2 Rg3+ 72. Kh2 Re3 73.
Kg2 Kg6 74. Ra5 Kf6 75. Rb5 Re5 76. Rb4 Kf5 77. Kf3 Rd5 78. Rb3 Ra5 79. Rb2
Ra3+ 80. Kg2 Re3 81. Rb5+ Kf4 82. Rb4+ Re4 83. Rb2 Rd4 84. Rf2+ Ke4 85.
Re2+ Kf5 86. Rf2+ Ke5 87. Re2+ Re4 88. Ra2 Re3 89. Ra5+ Kf4 90. Ra4+ Re4
91. Ra2 g4 92. hxg4 Kxg4 93. Kh2 h3 94. Ra8 1/2-1/2

[Event "Irish Championship 2015"]
[Site "Dublin IRL"]
[Date "2015.07.08"]
[Round "5.5"]
[White "Mulligan, Scott"]
[Black "MacElligott, Gerard"]
[Result "0-1"]
[BlackTitle "CM"]
[WhiteElo "1957"]
[BlackElo "2062"]
[WhiteICU "1947"]
[BlackICU "1941"]
[WhiteClub "Rathmines"]
[BlackClub "Elm Mount"]
[WhiteNationality "IRL"]
[BlackNationality "IRL"]
[WhiteFideId "2507498"]
[BlackFideId "2500647"]
[PlyCount "62"]
[EventDate "2015.07.04"]

{ Source: <a
href="https://www.chess-results.com/tnr179720.aspx">Chess-Results.com</a>.
} { Event information: <a
href="https://www.irlchess.com/irlch2015_allfiles/pairings_irlch2015.html">Tournament
report</a>. }

1. e4 c5 2. Nf3 Nc6 3. d4 cxd4 4. Nxd4 g6 5. c4 Nf6 6. Nc3 d6 7. Be2 Nxd4
8. Qxd4 Bg7 9. Be3 O-O 10. Qd2 Be6 11. O-O Qa5 12. f3 Rfc8 13. b3 a6 14.
Rac1 b5 15. Nd5 Qxd2 16. Bxd2 Nxd5 17. cxd5 Bd4+ 18. Kh1 Bd7 19. g3 Bb2 20.
Rxc8+ Rxc8 21. Bd3 f5 22. Kg2 Kf7 23. Kf2 fxe4 24. fxe4 Bh3 25. Rb1 Bc3 26.
Bxc3 Rxc3 27. Ke3 b4 28. Rb2 a5 29. Rf2+ Kg7 30. Kd2 Bd7 31. Rf1 Rxd3+ 0-1

[Event "Irish Championship 2015"]
[Site "Dublin IRL"]
[Date "2015.07.08"]
[Round "5.6"]
[White "Palmer, Bernard"]
[Black "O'Neill, Paul"]
[Result "1-0"]
[WhiteElo "2022"]
[BlackElo "1954"]
[WhiteICU "1928"]
[BlackICU "1728"]
[WhiteClub "Dun Laoghaire"]
[BlackClub "Naomh Barr&oacute;g"]
[WhiteNationality "IRL"]
[BlackNationality "IRL"]
[WhiteFideId "2500701"]
[BlackFideId "2507692"]
[PlyCount "75"]
[EventDate "2015.07.04"]

{ Source: <a
href="https://www.chess-results.com/tnr179720.aspx">Chess-Results.com</a>.
} { Event information: <a
href="https://www.irlchess.com/irlch2015_allfiles/pairings_irlch2015.html">Tournament
report</a>. }

1. c4 c5 2. Nf3 Nf6 3. d4 e6 4. dxc5 Bxc5 5. Nc3 O-O 6. e3 b6 7. Be2 Bb7 8.
O-O d5 9. cxd5 Nxd5 10. Nxd5 Bxd5 11. Bd2 Nd7 12. Bc3 Be7 13. Nd4 Nc5 14.
b3 Rc8 15. Rc1 Bf6 16. Nf3 Ne4 17. Bxf6 Qxf6 18. Qd4 Nc3 19. Ba6 Rc6 20.
Ne5 b5 21. Rxc3 Rxa6 22. a4 bxa4 23. bxa4 Rd8 24. Rd1 Rad6 25. Rc7 Bb3 26.
Qxd6 Bxd1 27. Rd7 Rf8 28. Rxa7 Bxa4 29. Rxa4 Rd8 30. Nd7 Qb2 31. Rd4 Ra8
32. h3 h6 33. Rf4 Qb1+ 34. Kh2 Qg6 35. Ne5 Qh5 36. Rxf7 Ra5 37. Qf8+ Kh7
38. Qxg7# 1-0

[Event "Irish Championship 2015"]
[Site "Dublin IRL"]
[Date "2015.07.08"]
[Round "5.7"]
[White "Fox, Anthony"]
[Black "Li, Henry"]
[Result "1-0"]
[WhiteElo "2035"]
[BlackElo "1866"]
[WhiteICU "2002"]
[BlackICU "1775"]
[WhiteClub "Dun Laoghaire"]
[BlackClub "Rathmines"]
[WhiteNationality "IRL"]
[BlackNationality "IRL"]
[WhiteFideId "2500736"]
[BlackFideId "2508524"]
[PlyCount "131"]
[EventDate "2015.07.04"]

{ Source: <a
href="https://www.chess-results.com/tnr179720.aspx">Chess-Results.com</a>.
} { Event information: <a
href="https://www.irlchess.com/irlch2015_allfiles/pairings_irlch2015.html">Tournament
report</a>. }

1. e4 e5 2. Nf3 Nc6 3. Bb5 a6 4. Ba4 Nf6 5. O-O Be7 6. Re1 b5 7. Bb3 d6 8.
c3 O-O 9. h3 Na5 10. Bc2 c5 11. d4 Qc7 12. Nbd2 cxd4 13. cxd4 Rd8 14. b3
exd4 15. Bb2 Nc6 16. Nxd4 Nxd4 17. Bxd4 Be6 18. Rc1 Qa5 19. Nf1 Rac8 20.
Bb1 Rxc1 21. Qxc1 d5 22. Qe3 Qb4 23. e5 Ne4 24. Bb6 Rb8 25. Bxe4 dxe4 26.
Rc1 Rc8 27. Rxc8+ Bxc8 28. Ng3 Bb7 29. Bd4 Qa5 30. Nxe4 Bxe4 31. Qxe4 Qxa2
32. Kh2 Bf8 33. e6 Qa3 34. exf7+ Kxf7 35. Qd5+ Ke8 36. f4 Qd6 37. Qe4+ Kf7
38. Be5 Qg6 39. f5 Qb6 40. Qd5+ Ke8 41. Kh1 h6 42. Qf3 Qc5 43. Qe4 Kf7 44.
Bf4 Kg8 45. Qe6+ Kh8 46. f6 gxf6 47. Qxf6+ Bg7 48. Qxa6 Kh7 49. Qb7 Qf5 50.
Qf3 Bd4 51. Kh2 Bg7 52. Qe3 Qd5 53. Qf3 Qf5 54. h4 Bf6 55. h5 Be5 56. Bxe5
Qxe5+ 57. Kh3 Qg5 58. g4 Qe5 59. Qf5+ Qxf5 60. gxf5 Kg7 61. Kg4 Kf7 62. Kf4
b4 63. Ke5 Ke7 64. f6+ Kf8 65. Ke6 Ke8 66. Kd5 1-0

[Event "Irish Championship 2015"]
[Site "Dublin IRL"]
[Date "2015.07.08"]
[Round "5.8"]
[White "Crichton, Martin"]
[Black "Kennedy, John P. A."]
[Result "1/2-1/2"]
[WhiteElo "1973"]
[BlackElo "2074"]
[BlackICU "2017"]
[WhiteClub "Transport for London ENG"]
[BlackClub "Dublin"]
[WhiteNationality "IRL"]
[BlackNationality "IRL"]
[WhiteFideId "2500973"]
[BlackFideId "2501120"]
[PlyCount "145"]
[EventDate "2015.07.04"]

{ Source: <a
href="https://www.chess-results.com/tnr179720.aspx">Chess-Results.com</a>.
} { Event information: <a
href="https://www.irlchess.com/irlch2015_allfiles/pairings_irlch2015.html">Tournament
report</a>. }

1. c4 c5 2. Nc3 Nc6 3. g3 e6 4. Bg2 Nf6 5. Nf3 d5 6. cxd5 exd5 7. d4 Be7 8.
O-O O-O 9. Be3 cxd4 10. Nxd4 Be6 11. Qa4 Qd7 12. Rfd1 Bh3 13. Bg5 Bxg2 14.
Kxg2 Rad8 15. Rac1 h6 16. Bd2 Rfe8 17. a3 Bd6 18. Be3 Bb8 19. h3 Rxe3 20.
fxe3 Re8 21. Rd3 Qc7 22. e4 dxe4 23. Re3 Qb6 24. Rd1 Be5 25. Nxe4 Nd5 26.
Red3 Bxd4 27. Rxd4 Ne3+ 28. Kh1 Nxd1 29. Rxd1 Qe3 30. Nc3 Qxg3 31. Qg4 Qxg4
32. hxg4 Ne5 33. Rd4 f6 34. Kg2 Kf7 35. Kg3 Re7 36. Ra4 a6 37. Ne4 g6 38.
Rb4 Nc6 39. Rxb7 Rxb7 40. Nd6+ Ke6 41. Nxb7 Kd5 42. Kf4 Nd4 43. e4+ Kc4 44.
b4 g5+ 45. Kg3 Nc2 46. Nc5 Nxa3 47. Nxa6 Nb5 48. Nc5 Nd6 49. Kf3 Kxb4 50.
Nd7 Ne8 51. Ke3 Kc4 52. e5 Kd5 53. exf6 Ke6 54. Nc5+ Kxf6 55. Ne4+ Ke5 56.
Ng3 Kf6 57. Ne4+ Kg6 58. Kf3 Nf6 59. Nd6 Nd7 60. Kg3 Ne5 61. Ne4 Kf7 62.
Nd6+ Ke6 63. Nf5 Nf7 64. Kf3 Ke5 65. Ne3 Kd4 66. Nf5+ Kd3 67. Ng7 Ne5+ 68.
Kg3 Ke4 69. Nf5 h5 70. Nd6+ Kd5 71. Nf5 Nxg4 72. Ng7 Nf6 73. Nxh5 1/2-1/2

[Event "Irish Championship 2015"]
[Site "Dublin IRL"]
[Date "2015.07.08"]
[Round "5.9"]
[White "O'Gorman, Tom"]
[Black "O'Rourke, Ray"]
[Result "1-0"]
[WhiteElo "1859"]
[BlackElo "1984"]
[WhiteICU "1861"]
[BlackICU "1847"]
[WhiteClub "Dun Laoghaire"]
[BlackClub "Bray/Greystones"]
[WhiteNationality "IRL"]
[BlackNationality "IRL"]
[WhiteFideId "2508249"]
[BlackFideId "2501023"]
[PlyCount "37"]
[EventDate "2015.07.04"]

{ Source: <a
href="https://www.chess-results.com/tnr179720.aspx">Chess-Results.com</a>.
} { Event information: <a
href="https://www.irlchess.com/irlch2015_allfiles/pairings_irlch2015.html">Tournament
report</a>. }

1. e4 c5 2. Nf3 d6 3. d4 cxd4 4. Nxd4 Nf6 5. Nc3 a6 6. Bg5 e6 7. f4 Qc7 8.
Qf3 Be7 9. O-O-O Nbd7 10. g4 Rb8 11. Bxf6 gxf6 12. g5 fxg5 13. f5 Ne5 14.
Qh5 Kd8 15. Bh3 Qc4 16. Qh6 g4 17. Qg7 Rf8 18. Qxe5 $4 { Hailed as a
brilliant combination in the immediate aftermath, this has an elementary
flaw. } 18... dxe5 $4 (18... Bg5+ $19) 19. Nxe6+ 1-0

[Event "Irish Championship 2015"]
[Site "Dublin IRL"]
[Date "2015.07.09"]
[Round "6.1"]
[White "Short, Philip"]
[Black "Fitzsimons, David"]
[Result "1-0"]
[WhiteTitle "FM"]
[BlackTitle "FM"]
[WhiteElo "2294"]
[BlackElo "2416"]
[WhiteICU "2233"]
[BlackICU "2337"]
[BlackClub "Elm Mount"]
[WhiteNationality "IRL"]
[BlackNationality "IRL"]
[WhiteFideId "2500086"]
[BlackFideId "2501961"]
[PlyCount "83"]
[EventDate "2015.07.04"]

{ Source: <a
href="https://www.chess-results.com/tnr179720.aspx">Chess-Results.com</a>.
} { Event information: <a
href="https://www.irlchess.com/irlch2015_allfiles/pairings_irlch2015.html">Tournament
report</a>. }

1. d4 Nf6 2. c4 c5 3. e3 g6 4. Nf3 Bg7 5. Be2 O-O 6. O-O cxd4 7. exd4 d5 8.
Nc3 Nc6 9. h3 dxc4 10. Bxc4 a6 11. a4 b6 12. Be3 Bb7 13. Ne5 e6 14. Nxc6
Bxc6 15. Qe2 Qc8 16. Rfd1 Qb7 17. f3 Nd5 18. Nxd5 Bxd5 19. Rac1 Rfd8 20.
Rc3 Rd7 21. Bd3 Bc6 22. Bxa6 Rxa6 23. Rxc6 Rxa4 24. Qb5 Bxd4 25. Bxd4 Raxd4
26. Rxd4 Rxd4 27. Qxb6 Rb4 28. Qc5 Rb5 29. Rc8+ Kg7 30. Qf8+ Kf6 31. Qd8+
Kg7 32. Qf8+ Kf6 33. Qd8+ Kg7 34. Qh8+ Kh6 35. Qf8+ Kh5 36. Rc5+ Rxc5 37.
Qxc5+ Kh6 38. b4 f5 39. b5 Qd7 40. b6 Kh5 41. Kh2 Qd2 42. Qc7 1-0

[Event "Irish Championship 2015"]
[Site "Dublin IRL"]
[Date "2015.07.09"]
[Round "6.2"]
[White "Daly, Colm"]
[Black "Brady, Stephen"]
[Result "0-1"]
[WhiteTitle "FM"]
[BlackTitle "FM"]
[WhiteElo "2319"]
[BlackElo "2349"]
[WhiteICU "2250"]
[BlackICU "2310"]
[WhiteClub "Bray/Greystones"]
[BlackClub "St. Benildus"]
[WhiteNationality "IRL"]
[BlackNationality "IRL"]
[WhiteFideId "2500434"]
[BlackFideId "2500124"]
[PlyCount "92"]
[EventDate "2015.07.04"]

{ Source: <a
href="https://www.chess-results.com/tnr179720.aspx">Chess-Results.com</a>.
} { Event information: <a
href="https://www.irlchess.com/irlch2015_allfiles/pairings_irlch2015.html">Tournament
report</a>. }

1. d4 Nf6 2. Nf3 e6 3. g3 b5 4. Bg2 Bb7 5. O-O Be7 6. c3 O-O 7. a4 a6 8.
Nbd2 d6 9. Qb3 Nbd7 10. Re1 Bd5 11. Qc2 c5 12. e4 Bc6 13. a5 Qc7 14. b4
cxb4 15. cxb4 Rfc8 16. Qb1 Bb7 17. Ra2 Qd8 18. h4 Rc7 19. Bf1 Rac8 20. Ra1
h6 21. Bd3 Nb8 22. Ba3 Qd7 23. Ra2 Rc3 24. Bb2 R3c7 25. Nb3 Nc6 26. Ba3 d5
27. e5 Ne4 28. Nc5 Bxc5 29. dxc5 Nc3 30. Qa1 Nxa2 31. Qxa2 d4 32. Qb1 Nxb4
33. Bxb4 Bxf3 34. Qc1 Qd5 35. Kh2 Qb3 36. Qd2 Bb7 37. f4 Rxc5 38. Bxc5 Rxc5
39. Rc1 Rc3 40. Rxc3 dxc3 41. Qe2 Qd5 42. g4 Qf3 43. Qc2 Qxf4+ 44. Kg1
Qxg4+ 45. Kf2 Qf4+ 46. Kg1 Qxe5 0-1

[Event "Irish Championship 2015"]
[Site "Dublin IRL"]
[Date "2015.07.09"]
[Round "6.3"]
[White "O'Connell, Gerard"]
[Black "Jessel, Stephen"]
[Result "0-1"]
[BlackTitle "FM"]
[WhiteElo "2106"]
[BlackElo "2352"]
[WhiteICU "2000"]
[BlackICU "2274"]
[WhiteClub "St. Benildus"]
[BlackClub "V&eacute;sinet FRA"]
[WhiteNationality "IRL"]
[BlackNationality "IRL"]
[WhiteFideId "2500493"]
[BlackFideId "628859"]
[PlyCount "102"]
[EventDate "2015.07.04"]

{ Source: <a
href="https://www.chess-results.com/tnr179720.aspx">Chess-Results.com</a>.
} { Event information: <a
href="https://www.irlchess.com/irlch2015_allfiles/pairings_irlch2015.html">Tournament
report</a>. }

1. d4 e6 2. c4 b6 3. Nc3 Bb7 4. Nf3 f5 5. e3 Nf6 6. Bd3 Bb4 7. Bd2 O-O 8.
O-O Qe7 9. Nb5 a6 10. Bxb4 Qxb4 11. a3 Qe7 12. Nc3 Kh8 13. Re1 Ne4 14. Bxe4
fxe4 15. Nd2 d5 16. cxd5 exd5 17. f3 exf3 18. Nxf3 Nd7 19. Rc1 Qd6 20. Qd3
c5 21. Rf1 c4 22. Qc2 Qh6 23. Rce1 Rae8 24. Qf2 Kg8 25. Kh1 b5 26. Qg3 Qg6
27. Qxg6 hxg6 28. Kg1 Bc6 29. Nh4 g5 30. Nf5 g6 31. Nh6+ Kg7 32. Ng4 Rf5
33. Rf3 Bb7 34. Ref1 Ref8 35. R3f2 Bc6 36. Re1 Rxf2 37. Nxf2 Nf6 38. h3 Re8
39. Kh2 a5 40. Kg3 b4 41. axb4 axb4 42. Na2 Rb8 43. Kf3 Bd7 44. g4 Ba4 45.
Ke2 Bb3 46. Nc1 Bc2 47. Kd2 Ne4+ 48. Kxc2 b3+ 49. Kd1 Nxf2+ 50. Ke2 Ne4 51.
Rg1 Rh8 0-1